| 000 | 00496nam a22001577a 4500 | ||
|---|---|---|---|
| 008 | 170124b xxu||||| |||| 00| 0 eng d | ||
| 022 | _a0893-8989 | ||
| 082 | _aDPer 363.205 P75 May-Dec 2015 V. 39 | ||
| 100 |
_918534 _aClark, Stephen |
||
| 245 |
_aKeep your patrol rifle on safe/ _cStephen Clark. |
||
| 260 |
_aCalifornia: _bBobit Business Media, _cc2015. |
||
| 300 |
_apages 44-47; _c28 cm. |
||
| 500 | _aPolice: the law enforcement magazine. | ||
| 650 | 0 |
_918535 _aWeapon |
|
| 942 |
_2ddc _cPER |
||
| 999 |
_c6132 _d6132 |
||